Seven Finance and Trade Lessons from COVID-19 for Future Pandemics /

Pandemics and epidemics pose risks to lives, societies, and economies, and their frequency is expected to increase as rising trade and increased human interaction with animals leads to the emergence of new diseases. The COVID-19 pandemic teaches us that we can and must be better prepared, with scope...

Täydet tiedot

Bibliografiset tiedot
Päätekijä: Agarwal, Ruchir
Muut tekijät: Gopinath, Gita.
Aineistotyyppi: Aikakauslehti
Kieli:English
Julkaistu: Washington, D.C. : International Monetary Fund, 2022.
Sarja:IMF Working Papers; Working Paper ; No. 2022/097
Aiheet:
Linkit:Full text available on IMF
LEADER 01962cas a2200313 a 4500
001 AALejournalIMF022897
008 230101c9999 xx r poo 0 0eng d
020 |c 20.00 USD 
020 |z 9798400210365 
022 |a 1018-5941 
040 |a BD-DhAAL  |c BD-DhAAL 
100 1 |a Agarwal, Ruchir. 
245 1 0 |a Seven Finance and Trade Lessons from COVID-19 for Future Pandemics /  |c Ruchir Agarwal, Gita Gopinath. 
264 1 |a Washington, D.C. :  |b International Monetary Fund,  |c 2022. 
300 |a 1 online resource (17 pages) 
490 1 |a IMF Working Papers 
500 |a <strong>Off-Campus Access:</strong> No User ID or Password Required 
500 |a <strong>On-Campus Access:</strong> No User ID or Password Required 
506 |a Electronic access restricted to authorized BRAC University faculty, staff and students 
520 3 |a Pandemics and epidemics pose risks to lives, societies, and economies, and their frequency is expected to increase as rising trade and increased human interaction with animals leads to the emergence of new diseases. The COVID-19 pandemic teaches us that we can and must be better prepared, with scope for much greater global coordination to address the financing, supply-chain, and trade barriers that amplified the pandemic's economic costs and contributed to the emergence of new variants. This paper draws seven early lessons from the COVID-19 pandemic that could inform future policy priorities and help shape a better global response to future crises. 
538 |a Mode of access: Internet 
650 7 |a COVID-19  |2 imf 
650 7 |a Economic Growth and Aggregate Productivity  |2 imf 
650 7 |a Health  |2 imf 
650 7 |a Industry Studies  |2 imf 
650 7 |a Publicly Provided Goods  |2 imf 
700 1 |a Gopinath, Gita.. 
830 0 |a IMF Working Papers; Working Paper ;  |v No. 2022/097 
856 4 0 |z Full text available on IMF  |u https://elibrary.imf.org/openurl?genre=journal&issn=1018-5941&volume=2022&issue=097  |z IMF e-Library